[Event "48.C.to  di Cat.Mag. Semif. ITA"]
[Site "Milano ITA"]
[Date "1988.02.18"]
[Round "6.2"]
[White "Vezzosi, Paolo"]
[Black "Martorelli, Antonio"]
[Result "1/2-1/2"]
[WhiteElo "2270"]
[BlackElo "2235"]
[Annotator "Gabriele Ballarin"]
[PlyCount "102"]
[EventDate "1988.02.13"]
[EventType "tourn"]
[EventRounds "9"]
[EventCountry "ITA"]

1. d4 Nf6 2. Nf3 d6 3. Nc3 Bf5 4. Bg5 Nbd7 5. e3 h6 6. Bh4 g5 7. Bg3 Nh5 8. Bd3 Bxd3 9. Qxd3 Bg7 10. Nd2 c5 11. Ne2 Nxg3 12. Nxg3 cxd4 13. exd4 e6 14. Nh5 Bf8 15. O-O Qa5 16. Nb3 Qa4 17. Qf3 Qc6 18. Qe2 O-O-O 19. f4 d5 20. fxg5 hxg5 21. Rxf7 Bd6 22. g4 Kb8 23. c3 e5 24. Raf1 exd4 25. cxd4 Rde8 26. Qg2 Bc7 27. Rc1 Qe6 28. Rcf1 a5 29. Kh1 a4 30. Nd2 Nf8 31. R7f6 Qe3 32. R6f5 Ng6 33. Qf2 Qh3 34. Rxg5 Nh4 35. Ng3 Bxg3 36. Qxg3+ Qxg3 37. hxg3 Nf3+ 38. Rh5 Nxd2 39. Rff5 Ne4 40. Kg2 Rxh5 41. gxh5 Rg8 42. Rxd5 Rxg3+ 43. Kh2 Rg5 44. Rxg5 Nxg5 45. Kg3 Kc7 46. Kf4 Nf7 47. Kf5 Kd6 48. Kf6 Nh6 49. Kg6 Ng8 50. Kf7 Nh6+ 51. Kg6 Ng8 1/2-1/2

[Event "48.C.to  di Cat.Mag. Semif. ITA"]
[Site "Milano ITA"]
[Date "1988.02.18"]
[Round "6.3"]
[White "Sani, Valentino"]
[Black "Rizzo, Giovanbattista"]
[Result "1-0"]
[WhiteElo "1900"]
[BlackElo "2054"]
[Annotator "Gabriele Ballarin"]
[PlyCount "97"]
[EventDate "1988.02.13"]
[EventType "tourn"]
[EventRounds "9"]
[EventCountry "ITA"]

1. c4 f5 2. Nc3 Nf6 3. d3 e5 4. g3 c6 5. e4 Bc5 6. Bg2 O-O 7. Nh3 d6 8. O-O f4 9. Ng5 h6 10. Nf3 fxg3 11. hxg3 Bg4 12. Be3 Nh7 13. Qb3 Bxf3 14. Qxb7 Qf6 15. Bxc5 dxc5 16. Bxf3 Qxf3 17. Rae1 Ng5 18. Re3 Qg4 19. Qxa8 Qd7 20. Nb5 cxb5 21. cxb5 Qxb5 22. Qd5+ Kh7 23. f4 Nh3+ 24. Kg2 Nxf4+ 25. gxf4 exf4 26. Re2 Qe8 27. Ref2 Qg6+ 28. Kh1 Qg3 29. Rg2 Qh3+ 30. Kg1 f3 31. Rh2 Qg3+ 32. Kh1 Na6 33. Qh5 Rf6 34. Qh3 Qf4 35. a3 g5 36. Qd7+ Rf7 37. Qc6 Qf6 38. Qxf6 Rxf6 39. e5 Rf5 40. Kg1 g4 41. Kf2 Rxe5 42. Rfh1 Kg7 43. Kg3 Re3 44. Rxh6 Nb8 45. Kxg4 Rxd3 46. Kf5 Nd7 47. Rh7+ Kf8 48. Ke6 Ke8 49. Rxd7 1-0

[Event "48.C.to  di Cat.Mag. Semif. ITA"]
[Site "Milano ITA"]
[Date "1988.02.18"]
[Round "6.4"]
[White "Iudicello, Massimo"]
[Black "Quinto, Gianni"]
[Result "1-0"]
[WhiteElo "1914"]
[BlackElo "2085"]
[Annotator "Gabriele Ballarin"]
[PlyCount "127"]
[EventDate "1988.02.13"]
[EventType "tourn"]
[EventRounds "9"]
[EventCountry "ITA"]

1. e4 e6 2. d3 d5 3. Nd2 b6 4. g3 Bb7 5. Bg2 Nf6 6. e5 Nfd7 7. Ngf3 c5 8. O-O Nc6 9. Re1 Qc7 10. Ng5 Be7 11. Qh5 g6 12. Qh6 Bxg5 13. Qxg5 Nd4 14. c4 h6 15. Qh4 g5 16. Qh5 O-O-O 17. cxd5 exd5 18. Qd1 Nxe5 19. Nb3 Ndc6 20. f4 Ng6 21. fxg5 h5 22. Qf3 Rhe8 23. Qf5+ Kb8 24. Bf4 Nxf4 25. Qxf4 Qxf4 26. gxf4 Nb4 27. d4 c4 28. Nd2 Nd3 29. Rxe8 Rxe8 30. Bf3 Nxb2 31. Bxh5 Re7 32. Kg2 c3 33. Nb3 a5 34. Rc1 Rc7 35. f5 Nd3 36. Rf1 Ba6 37. Nc1 Bc4 38. Nxd3 Bxd3 39. Rc1 Bxf5 40. h4 c2 41. Kf2 Kb7 42. Ke2 Kc6 43. Kd2 Kd6 44. Rf1 Ke6 45. Kc1 Re7 46. Bf3 Bh7 47. Re1+ Kd6 48. Rxe7 Kxe7 49. Bxd5 f6 50. gxf6+ Kxf6 51. Bb3 Bf5 52. Bxc2 Be6 53. Bb3 Bg4 54. Ba4 Be6 55. Kb2 Bd5 56. a3 Kf5 57. Be8 Bc4 58. Kc3 Be2 59. a4 Bd1 60. h5 Kg5 61. d5 Kf6 62. h6 Bf3 63. h7 Kg7 64. d6 1-0

[Event "48.C.to  di Cat.Mag. Semif. ITA"]
[Site "Milano ITA"]
[Date "1988.02.18"]
[Round "6.5"]
[White "Marinelli, Tullio"]
[Black "Pantaleoni, Claudio"]
[Result "1-0"]
[WhiteElo "2153"]
[BlackElo "2080"]
[Annotator "Gabriele Ballarin"]
[PlyCount "117"]
[EventDate "1988.02.13"]
[EventType "tourn"]
[EventRounds "9"]
[EventCountry "ITA"]

1. d4 Nf6 2. c4 g6 3. Nc3 Bg7 4. e4 d6 5. f3 O-O 6. Be3 Nc6 7. Nge2 a6 8. Qd2 Rb8 9. Nc1 e5 10. d5 Nd4 11. Nb3 Nxb3 12. axb3 c5 13. Bd3 Bd7 14. Bg5 Qc7 15. Ne2 Bc8 16. O-O Ne8 17. b4 b6 18. Rfb1 f5 19. Be3 Nf6 20. bxc5 bxc5 21. b4 Nd7 22. b5 axb5 23. cxb5 Nb6 24. Nc3 Bf6 25. Kh1 Rf7 26. Ra2 Qe7 27. Rba1 f4 28. Bf2 g5 29. h3 h5 30. Ra7 Qxa7 31. Rxa7 Rxa7 32. Qb2 g4 33. hxg4 hxg4 34. fxg4 Bxg4 35. Be2 Bxe2 36. Qxe2 Rg7 37. Kg1 Ra8 38. Be1 Ra1 39. Kf1 Bh4 40. Nd1 Bxe1 41. Kxe1 Rg5 42. Qf3 Ra7 43. Qh3 Rg6 44. Qh4 Rd7 45. Kf1 Rgg7 46. Nf2 Rh7 47. Qf6 Nc4 48. Ng4 Ne3+ 49. Nxe3 fxe3 50. Ke2 Rhg7 51. g4 Rh7 52. b6 Rh2+ 53. Kxe3 Rh3+ 54. Ke2 Rdh7 55. Qe6+ Kg7 56. Qxd6 Rh2+ 57. Kd3 c4+ 58. Kxc4 Rc2+ 59. Kb3 1-0

[Event "48.C.to  di Cat.Mag. Semif. ITA"]
[Site "Milano ITA"]
[Date "1988.02.18"]
[Round "6.6"]
[White "Ricci, Marco"]
[Black "Zagallo, Bruno"]
[Result "0-1"]
[WhiteElo "2022"]
[BlackElo "1900"]
[Annotator "Gabriele Ballarin"]
[PlyCount "95"]
[EventDate "1988.02.13"]
[EventType "tourn"]
[EventRounds "9"]
[EventCountry "ITA"]

1. e4 e5 2. Nf3 Nc6 3. Bb5 a6 4. Bxc6 dxc6 5. O-O f6 6. d4 exd4 7. Nxd4 c5 8. Nb3 Qxd1 9. Rxd1 Bg4 10. f3 Bd7 11. Nc3 O-O-O 12. Be3 b6 13. a4 a5 14. Nd2 Ne7 15. Bf2 Nc6 16. Nc4 Nd4 17. Ne3 Be6 18. Ncd5 Bd6 19. c3 Nc6 20. Rd2 Rhe8 21. Rad1 Kb7 22. Nc4 Bf8 23. Bg3 Rc8 24. h3 Ne7 25. Bxc7 Nxd5 26. exd5 Rxc7 27. dxe6 Rxe6 28. Rd8 Be7 29. Re8 Kc6 30. Kf2 Rd7 31. Rxd7 Kxd7 32. Ra8 Kc6 33. Ra7 Kd5 34. Ne3+ Kc6 35. g3 g6 36. f4 h5 37. Kf3 Bd6 38. Rg7 f5 39. Nc4 Re4 40. Ne3 Re6 41. Nc4 Re4 42. Rxg6 $138 Rxc4 43. Rh6 Rxa4 44. Rxh5 Ra2 45. Rxf5 Rxb2 46. Ke4 a4 47. Rf7 Bc7 48. Rf8 0-1

[Event "48.C.to  di Cat.Mag. Semif. ITA"]
[Site "Milano ITA"]
[Date "1988.02.18"]
[Round "6.7"]
[White "Braunberger, Federico"]
[Black "Calvenzani, Oscar"]
[Result "1/2-1/2"]
[WhiteElo "2060"]
[BlackElo "1986"]
[Annotator "Gabriele Ballarin"]
[PlyCount "132"]
[EventDate "1988.02.13"]
[EventType "tourn"]
[EventRounds "9"]
[EventCountry "ITA"]

1. d4 c5 2. d5 d6 3. c4 e5 4. e4 Be7 5. Nc3 Bg5 6. Bxg5 Qxg5 7. Nf3 Qd8 8. Bd3 a6 9. O-O Ne7 10. Nd2 Ng6 11. g3 Qg5 12. Re1 h5 13. Nf3 Qf6 14. h4 Bg4 15. Be2 Nf8 16. Ng5 Bxe2 17. Qxe2 Qe7 18. Rad1 Nbd7 19. Rd3 Nf6 20. Nd1 b5 21. Ne3 g6 22. cxb5 axb5 23. Rb3 b4 24. Qb5+ Qd7 25. Qxd7+ N8xd7 26. Nc4 Ke7 27. a3 bxa3 28. bxa3 Rhb8 29. Reb1 Rxb3 30. Rxb3 Rb8 31. Rxb8 Nxb8 32. Kf1 Ne8 33. f4 f6 34. Ne6 Na6 35. Ke2 Nec7 36. fxe5 fxe5 37. Nxc7 Nxc7 38. a4 Na6 39. Kd3 Kd7 40. Kc3 Nb4 41. Kb3 Na6 42. a5 Nc7 43. Ka4 Ke7 44. Ne3 Kd7 45. g4 hxg4 46. Nxg4 Ke7 47. Ne3 Kd7 48. Nc4 Ke7 49. Ne3 Kd7 50. Nf1 Ke7 51. Ng3 Kf6 52. Kb3 Ke7 53. h5 gxh5 54. Nxh5 Kd7 55. Ng3 Ne8 56. Kc4 Nf6 57. Kb5 Kc7 58. a6 c4 59. Kxc4 Kb6 60. Kd3 Kxa6 61. Nf5 Ne8 62. Ke3 Kb5 63. Kf3 Kc5 64. Ke3 Nf6 65. Kd3 Nxd5 66. exd5 Kxd5 1/2-1/2

[Event "48.C.to  di Cat.Mag. Semif. ITA"]
[Site "Milano ITA"]
[Date "1988.02.18"]
[Round "6.8"]
[White "Caizzone, Vito"]
[Black "Valenti, Giuseppe"]
[Result "0-1"]
[WhiteElo "2180"]
[BlackElo "2245"]
[Annotator "Gabriele Ballarin"]
[PlyCount "102"]
[EventDate "1988.02.13"]
[EventType "tourn"]
[EventRounds "9"]
[EventCountry "ITA"]

1. e4 c5 2. Nf3 e6 3. d4 cxd4 4. Nxd4 a6 5. Nc3 Qc7 6. Bd3 Nf6 7. O-O Nc6 8. Nxc6 bxc6 9. Qe2 e5 10. Bc4 Be7 11. Be3 O-O 12. f4 exf4 13. Rxf4 Bb7 14. Raf1 d5 15. Bb3 a5 16. Rxf6 Bxf6 17. Rxf6 Qd8 18. Bd4 c5 19. Be5 gxf6 20. Bf4 Kh8 21. Bxd5 Qd7 22. Qh5 Rg8 23. Qxf7 Qxf7 24. Bxf7 Rg7 25. Be6 Re8 26. Bf5 Bc6 27. Nd5 Bxd5 28. exd5 Rb7 29. b3 Kg7 30. Kf2 Rb4 31. c4 a4 32. Bc2 axb3 33. axb3 Rb7 34. Bd6 Ra8 35. Ke2 Ra5 36. g4 Rd7 37. Bf4 Ra2 38. Kd2 Kg8 39. Kc3 Rb7 40. d6 Raa7 41. Be4 Rb8 42. Bc6 Kf7 43. Be3 Ra5 44. d7 Ke7 45. Bf4 Rd8 46. Bc7 Ra2 47. b4 Rxd7 48. Bxd7 Kxd7 49. Bg3 Ra3+ 50. Kb2 cxb4 51. c5 Rxg3 0-1

[Event "48.C.to  di Cat.Mag. Semif. ITA"]
[Site "Milano ITA"]
[Date "1988.02.18"]
[Round "6.9"]
[White "Borgo, Giulio"]
[Black "Paglietti, Nicola"]
[Result "1/2-1/2"]
[WhiteElo "2365"]
[BlackElo "2174"]
[Annotator "Gabriele Ballarin"]
[PlyCount "59"]
[EventDate "1988.02.13"]
[EventType "tourn"]
[EventRounds "9"]
[EventCountry "ITA"]

1. e4 e5 2. Nf3 Nc6 3. Bb5 Nd4 4. Nxd4 exd4 5. O-O c6 6. Bc4 Nf6 7. Re1 d6 8. d3 Ng4 9. Bf4 Be7 10. h3 Nf6 11. c3 dxc3 12. Nxc3 O-O 13. d4 d5 14. exd5 cxd5 15. Bxd5 Nxd5 16. Nxd5 Qxd5 17. Rxe7 Be6 18. Qb3 Qxb3 19. axb3 Bd5 20. Rd7 Bc6 21. Rc7 Rfd8 22. Be3 a6 23. Ra5 h6 24. Rf5 f6 25. Rf4 Rac8 26. Rxc8 Rxc8 27. Rf5 Rd8 28. Rc5 Rd5 29. b4 Rxc5 30. bxc5 1/2-1/2

[Event "48.C.to  di Cat.Mag. Semif. ITA"]
[Site "Milano ITA"]
[Date "1988.02.18"]
[Round "6.10"]
[White "Biondi, Gualtiero"]
[Black "Quagliarella, Sabino Remo"]
[Result "1-0"]
[WhiteElo "1973"]
[BlackElo "1900"]
[Annotator "Gabriele Ballarin"]
[PlyCount "103"]
[EventDate "1988.02.13"]
[EventType "tourn"]
[EventRounds "9"]
[EventCountry "ITA"]

1. e4 e6 2. d4 d5 3. Nc3 dxe4 4. Nxe4 Nd7 5. Nf3 Ngf6 6. Nxf6+ Nxf6 7. Bd3 Be7 8. O-O O-O 9. Bg5 b6 10. Qe2 Bb7 11. Rad1 h6 12. Bxf6 Bxf6 13. c4 Qe7 14. Rfe1 Rfe8 15. Ne5 Rad8 16. Qh5 c5 17. dxc5 bxc5 18. Nxf7 Qxf7 19. Bg6 Qe7 20. Bxe8 Rxe8 21. Re2 Bd4 22. b4 Qf7 23. Qg4 e5 24. bxc5 Rf8 25. Kh1 Qxc4 26. Rxe5 Bxg2+ 27. Kxg2 Rxf2+ 28. Kh1 Rxh2+ 29. Kxh2 Bxe5+ 30. Kh3 Qc3+ 31. Kg2 Qc2+ 32. Kf1 Bf6 33. Qe6+ Kh7 34. Qd5 Qh2 35. Qf5+ Kh8 36. Qc8+ Kh7 37. Qf5+ Kh8 38. Re1 Qh1+ 39. Ke2 Qg2+ 40. Kd1 Qc6 41. Re4 Qb5 42. Qd5 Qb1+ 43. Ke2 Qb8 44. Qh5 Qb5+ 45. Kf2 Qd7 46. Qe8+ Qxe8 47. Rxe8+ Kh7 48. c6 Bd4+ 49. Kf3 Bb6 50. Re7 Kg6 51. c7 Kf6 52. Rd7 1-0

[Event "48.C.to  di Cat.Mag. Semif. ITA"]
[Site "Milano ITA"]
[Date "1988.02.18"]
[Round "6.11"]
[White "Facchetti, Giovanni"]
[Black "Gongalov, Bojan"]
[Result "1/2-1/2"]
[WhiteElo "2106"]
[BlackElo "2008"]
[Annotator "Gabriele Ballarin"]
[PlyCount "134"]
[EventDate "1988.02.13"]
[EventType "tourn"]
[EventRounds "9"]
[EventCountry "ITA"]

1. e4 c5 2. Nf3 e6 3. c3 d5 4. exd5 Qxd5 5. d4 Nf6 6. Bb5+ Bd7 7. Bxd7+ Nbxd7 8. O-O Be7 9. Qe2 O-O 10. Nbd2 Qh5 11. Nb3 Bd6 12. Re1 Rfd8 13. h3 cxd4 14. Nbxd4 Nc5 15. Bg5 Nce4 16. Bxf6 Nxf6 17. Rad1 Nd5 18. Nh2 Bxh2+ 19. Kxh2 Qxe2 20. Rxe2 Nb6 21. Red2 Nc4 22. Re2 e5 23. b3 exd4 24. bxc4 dxc3 25. Rc1 Rd2 26. Re7 b6 27. Rxc3 Rxf2 28. Kg3 Rxa2 29. Rf3 f6 30. Rc3 Ra5 31. h4 Rc5 32. Rd3 Kf8 33. Rb7 g5 34. h5 g4 35. Rxh7 Kg8 36. Rdd7 Rg5 37. h6 a5 38. Rhf7 Rg6 39. h7+ Kh8 40. Kh4 Rh6+ 41. Kxg4 Rc8 42. Kf3 a4 43. Ra7 a3 44. Rxa3 Rxh7 45. Rxf6 Rxc4 46. Ra8+ Kg7 47. Rxb6 Rc7 48. Ra4 Rf7+ 49. Kg4 Rh6 50. Raa6 Rxb6 51. Rxb6 Ra7 52. Rb5 Kg6 53. Rg5+ Kh6 54. Kh4 Ra4+ 55. Rg4 Ra2 56. Kh3 Ra3+ 57. g3 Ra6 58. Rb4 Kg5 59. Rb5+ Kg6 60. Kh4 Rc6 61. g4 Ra6 62. Rb8 Rc6 63. Rg8+ Kh7 64. Rg5 Kh6 65. Re5 Kg6 66. Kg3 Rc3+ 67. Kf4 Rc4+ 1/2-1/2

[Event "48.C.to  di Cat.Mag. Semif. ITA"]
[Site "Milano ITA"]
[Date "1988.02.18"]
[Round "6.12"]
[White "Brovelli, Claudio"]
[Black "Pernisco, Ermanno"]
[Result "1/2-1/2"]
[WhiteElo "2017"]
[BlackElo "2080"]
[Annotator "Gabriele Ballarin"]
[PlyCount "82"]
[EventDate "1988.02.13"]
[EventType "tourn"]
[EventRounds "9"]
[EventCountry "ITA"]

1. d4 g6 2. e4 d6 3. c4 Bg7 4. Nc3 Nf6 5. Be2 c6 6. Nf3 O-O 7. O-O Nbd7 8. Rb1 e5 9. Re1 exd4 10. Nxd4 Re8 11. Bf1 Nc5 12. f3 a5 13. Be3 Qe7 14. Qd2 Qf8 15. Rbd1 Rd8 16. Kh1 h6 17. Qf2 Kh7 18. Nde2 Ncd7 19. b3 Re8 20. Rd2 Ne5 21. h3 a4 22. Red1 axb3 23. axb3 Ra3 24. Nc1 Re6 25. Na4 Ned7 26. c5 d5 27. exd5 Nxd5 28. Bd4 Bxd4 29. Qxd4 Qg7 30. Qxg7+ Kxg7 31. Bc4 N7f6 32. Nb6 Re8 33. Nxd5 cxd5 34. Bxd5 Nxd5 35. Rxd5 Be6 36. R5d3 Rc8 37. b4 Ra4 38. Rd4 b6 39. cxb6 Rb8 40. Rd6 Rxb4 41. Nd3 R4xb6 1/2-1/2

[Event "48.C.to  di Cat.Mag. Semif. ITA"]
[Site "Milano ITA"]
[Date "1988.02.18"]
[Round "6.13"]
[White "Leoni, Leopoldo"]
[Black "Tirabassi, Maurizio"]
[Result "1-0"]
[WhiteElo "2126"]
[BlackElo "2211"]
[Annotator "3h 55'"]
[PlyCount "71"]
[EventDate "1988.02.13"]
[EventType "tourn"]
[EventRounds "9"]
[EventCountry "ITA"]

1. e4 c5 2. Nf3 e6 3. d4 cxd4 4. Nxd4 Nf6 5. Nc3 d6 6. Be2 Be7 7. O-O O-O 8. Be3 Nc6 9. Kh1 Bd7 10. f4 a6 11. a4 Qc7 12. Nb3 b6 13. Bd3 Bc8 14. Qf3 Bb7 15. Qh3 Nb4 16. Rac1 Rfe8 17. Nd4 d5 18. e5 Ne4 19. Rfe1 Qd7 20. Bxe4 dxe4 21. Bg1 Nd5 22. Nde2 Qc7 23. Nxd5 exd5 24. Bd4 Bc6 25. c4 Qb7 26. cxd5 Bxd5 27. Nc3 Bb4 28. Qe3 b5 29. axb5 axb5 30. Nxd5 Bxe1 31. Qxe4 Bd2 32. Rd1 Rad8 33. Nf6+ gxf6 34. Qxb7 Rxd4 35. Qxb5 fxe5 36. Qxe8+ 1-0

[Event "48.C.to  di Cat.Mag. Semif. ITA"]
[Site "Milano ITA"]
[Date "1988.02.18"]
[Round "6.14"]
[White "Altini, Daniele"]
[Black "Visentin, Claudio"]
[Result "1-0"]
[WhiteElo "2020"]
[BlackElo "2017"]
[Annotator "Gabriele Ballarin"]
[PlyCount "79"]
[EventDate "1988.02.13"]
[EventType "tourn"]
[EventRounds "9"]
[EventCountry "ITA"]

1. e4 e6 2. Nf3 d5 3. e5 c5 4. b4 cxb4 5. a3 Bd7 6. d4 Qb6 7. axb4 Bxb4+ 8. c3 Be7 9. Na3 Nh6 10. Bd3 Nc6 11. O-O Na5 12. Nd2 Rc8 13. Qc2 Nf5 14. Rb1 Qc7 15. Bxf5 exf5 16. Nb5 Qb8 17. Qa2 b6 18. Ba3 Bxb5 19. Rxb5 Rxc3 20. Nb1 Rc8 21. Rxd5 Nc4 22. Bxe7 Kxe7 23. Na3 Qb7 24. Nxc4 Qxd5 25. Qxa7+ Ke6 26. Nxb6 Ra8 27. Nxa8 Rxa8 28. Qb6+ Ke7 29. Qb4+ Ke8 30. h3 Rd8 31. Rd1 Rd7 32. Ra1 f6 33. exf6 gxf6 34. Rd1 Kf7 35. Qd2 Kg6 36. Qf4 Rb7 37. Qg3+ Kf7 38. Qh4 Kg6 39. Rd3 Rb3 40. Qg3+ 1-0

[Event "48.C.to  di Cat.Mag. Semif. ITA"]
[Site "Milano ITA"]
[Date "1988.02.18"]
[Round "6.15"]
[White "Caposciutti, Maurizio"]
[Black "Mantovani, Renzo"]
[Result "0-1"]
[WhiteElo "2181"]
[BlackElo "2410"]
[Annotator "Gabriele Ballarin"]
[PlyCount "80"]
[EventDate "1988.02.13"]
[EventType "tourn"]
[EventRounds "9"]
[EventCountry "ITA"]

1. e4 c5 2. Nf3 d6 3. d4 cxd4 4. Nxd4 Nf6 5. Nc3 Nc6 6. Bg5 e6 7. Qd2 Nxd4 8. Qxd4 Be7 9. O-O-O O-O 10. e5 dxe5 11. Qxe5 Bd7 12. h4 Rc8 13. Rh3 Rc5 14. Qe3 Qc8 15. Rg3 Re8 16. Kb1 b6 17. Bxf6 Bxf6 18. Ne4 Bxh4 19. Nxc5 bxc5 20. Rh3 Bf6 21. Qd3 Bc6 22. Qxh7+ Kf8 23. Qh8+ Ke7 24. Qh5 Bd5 25. Ra3 Qb7 26. c3 Rb8 27. Rd2 g6 28. Qg4 Kf8 29. Ba6 Qc7 30. Bc4 Bxc4 31. Qxc4 Kg7 32. Qe4 c4 33. g3 Rb5 34. Ra4 Bxc3 35. Rxc4 Qa5 36. Rc2 Bf6 37. Qd3 Qe1+ 38. Rc1 Rxb2+ 39. Ka1 Rc2+ 40. Kb1 Qxc1# 0-1

[Event "48.C.to  di Cat.Mag. Semif. ITA"]
[Site "Milano ITA"]
[Date "1988.02.18"]
[Round "6.16"]
[White "Lagumina, Giulio"]
[Black "Lagrotteria, Salvatore"]
[Result "1/2-1/2"]
[WhiteElo "2106"]
[BlackElo "2068"]
[Annotator "Gabriele Ballarin"]
[PlyCount "69"]
[EventDate "1988.02.13"]
[EventType "tourn"]
[EventRounds "9"]
[EventCountry "ITA"]

1. e4 e5 2. f4 d5 3. exd5 c6 4. Nc3 exf4 5. Nf3 Bd6 6. d4 Ne7 7. dxc6 Nbxc6 8. Bc4 O-O 9. O-O Bg4 10. Ne4 Bc7 11. c3 Ng6 12. Qc2 Nce7 13. Bd2 Rc8 14. Rae1 Bb8 15. Bb3 h6 16. Ne5 Nxe5 17. dxe5 Qb6+ 18. Kh1 f3 19. gxf3 Bh3 20. Rg1 Bxe5 21. Ng3 Qf2 22. Qe4 Qxd2 23. Qxe5 Ng6 24. Qe2 Qf4 25. Ne4 Nh4 26. Rg3 Bd7 27. Reg1 g6 28. Qd3 Bf5 29. Qd6 Qe3 30. Rxg6+ Bxg6 31. Rxg6+ Nxg6 32. Qxg6+ Kh8 33. Qf6+ Kg8 34. Qg6+ Kh8 35. Qf6+ 1/2-1/2

[Event "48.C.to  di Cat.Mag. Semif. ITA"]
[Site "Milano ITA"]
[Date "1988.02.18"]
[Round "6.17"]
[White "Montani, Francesco"]
[Black "Drei, Andrea"]
[Result "1-0"]
[WhiteElo "1979"]
[BlackElo "2235"]
[Annotator "Gabriele Ballarin"]
[PlyCount "65"]
[EventDate "1988.02.13"]
[EventType "tourn"]
[EventRounds "9"]
[EventCountry "ITA"]

1. e4 c5 2. Nf3 e6 3. b3 Nf6 4. e5 Nd5 5. c4 Nc7 6. Bb2 Nc6 7. Be2 d5 8. O-O d4 9. Bd3 g5 10. Be4 Bd7 11. Qe2 Bg7 12. d3 g4 13. Bxc6 Bxc6 14. Ne1 h5 15. Nd2 Qe7 16. b4 b6 17. f4 f5 18. exf6 Bxf6 19. bxc5 bxc5 20. Ne4 Kd7 21. Ba3 Na6 22. Nc2 Rab8 23. Rae1 Rhc8 24. Bxc5 Nxc5 25. Nxc5+ Qxc5 26. Qxe6+ Kc7 27. Qf7+ Bd7 28. Qxf6 Rb2 29. Qxd4 Kd8 30. Re5 Qxd4+ 31. Nxd4 Rd2 32. Rd5 Rxa2 33. Re1 1-0

[Event "48.C.to  di Cat.Mag. Semif. ITA"]
[Site "Milano ITA"]
[Date "1988.02.18"]
[Round "6.18"]
[White "Micalizzi, Giovanni"]
[Black "Sottani, Paolo"]
[Result "1/2-1/2"]
[WhiteElo "2068"]
[BlackElo "1900"]
[Annotator "Gabriele Ballarin"]
[PlyCount "27"]
[EventDate "1988.02.13"]
[EventType "tourn"]
[EventRounds "9"]
[EventCountry "ITA"]

1. e4 c5 2. Nf3 e6 3. d4 cxd4 4. Nxd4 Nc6 5. Nc3 a6 6. g3 Bc5 7. Be3 Qb6 8. Na4 Qa5+ 9. c3 Bxd4 10. Bxd4 Nxd4 11. Qxd4 e5 12. Qb4 Qxb4 13. cxb4 b5 14. Nc3 1/2-1/2

[Event "48.C.to  di Cat.Mag. Semif. ITA"]
[Site "Milano ITA"]
[Date "1988.02.18"]
[Round "6.19"]
[White "Capurro, Giuliano"]
[Black "Castiglioni, Ferruccio"]
[Result "0-1"]
[WhiteElo "1976"]
[BlackElo "2030"]
[Annotator "Gabriele Ballarin"]
[PlyCount "62"]
[EventDate "1988.02.13"]
[EventType "tourn"]
[EventRounds "9"]
[EventCountry "ITA"]

1. d4 d5 2. c4 c6 3. Nc3 dxc4 4. e4 e5 5. d5 Nf6 6. Bg5 Bb4 7. Bxc4 Qa5 8. Bd2 cxd5 9. exd5 O-O 10. Qe2 Bg4 11. f3 Bf5 12. g4 Bg6 13. O-O-O Nbd7 14. h4 h5 15. g5 Nh7 16. Ne4 Rac8 17. Kb1 Bxd2 18. Bb5 Nc5 19. Rxd2 Nxe4 20. fxe4 Bxe4+ 21. Qxe4 Qxd2 22. Ne2 a6 23. Bd7 Rc7 24. Bh3 Rd8 25. Qxe5 Rc2 26. Nf4 Rc4 27. Ne2 Rxd5 28. Qe8+ Nf8 29. Nc3 Qd3+ 30. Ka1 Rxc3 31. a3 Rxa3+ 0-1

[Event "48.C.to  di Cat.Mag. Semif. ITA"]
[Site "Milano ITA"]
[Date "1988.02.19"]
[Round "7.1"]
[White "Sarno, Spartaco"]
[Black "Montani, Francesco"]
[Result "1-0"]
[WhiteElo "2245"]
[BlackElo "1979"]
[Annotator "Gabriele Ballarin"]
[PlyCount "111"]
[EventDate "1988.02.13"]
[EventType "tourn"]
[EventRounds "9"]
[EventCountry "ITA"]

1. d4 Nf6 2. c4 e5 3. dxe5 Ng4 4. Nf3 Nc6 5. Bf4 Bb4+ 6. Nbd2 Qe7 7. a3 Ngxe5 8. Nxe5 Nxe5 9. e3 Bxd2+ 10. Qxd2 d6 11. Be2 O-O 12. O-O b6 13. b4 Bb7 14. Qc3 Nd7 15. Rfd1 f5 16. Bf1 a5 17. Bg3 Rfe8 18. Rac1 Kh8 19. Rd4 axb4 20. axb4 Qf6 21. Qd2 Re4 22. f3 Re6 23. Bh4 Qh6 24. Bf2 Qg6 25. Rf4 Ne5 26. Kh1 c5 27. bxc5 dxc5 28. Qc2 Rf6 29. Be1 Re8 30. Bc3 Qf7 31. Bd3 Qh5 32. Rf1 Nxd3 33. Qxd3 Rf7 34. h3 Qg6 35. Kg1 Qe6 36. Kf2 Kg8 37. h4 Rd7 38. Qxf5 Qxf5 39. Rxf5 Rd3 40. Re5 Ra8 41. Rc1 Ra2+ 42. Kg3 Ra3 43. Bb2 Rab3 44. Re7 Rxb2 45. Rxb7 Rdd2 46. Rg1 h5 47. e4 Rdc2 48. Kf4 Rxg2 49. Rxg2 Rxg2 50. Rxb6 Rc2 51. Kg5 Kh7 52. e5 Rxc4 53. e6 Rc1 54. Kf5 Ra1 55. e7 Ra8 56. Rd6 1-0

[Event "48.C.to  di Cat.Mag. Semif. ITA"]
[Site "Milano ITA"]
[Date "1988.02.19"]
[Round "7.2"]
[White "Paglietti, Nicola"]
[Black "Pantaleoni, Claudio"]
[Result "1/2-1/2"]
[WhiteElo "2174"]
[BlackElo "2080"]
[Annotator "Gabriele Ballarin"]
[PlyCount "124"]
[EventDate "1988.02.13"]
[EventType "tourn"]
[EventRounds "9"]
[EventCountry "ITA"]

1. d4 Nf6 2. Nf3 g6 3. Nc3 d5 4. Bf4 Bg7 5. e3 O-O 6. Be2 c5 7. O-O Nc6 8. Ne5 cxd4 9. exd4 Qb6 10. Nxc6 bxc6 11. Na4 Qa5 12. c3 Nd7 13. b4 Qd8 14. Bg4 e6 15. Bd6 Re8 16. Bc5 Ba6 17. Be2 Bxe2 18. Qxe2 e5 19. Qd2 Qh4 20. g3 Qh3 21. Rae1 Bh6 22. f4 exf4 23. gxf4 Nf6 24. Qg2 Qxg2+ 25. Kxg2 Nh5 26. f5 Nf4+ 27. Kf3 Nd3 28. Rxe8+ Rxe8 29. fxg6 hxg6 30. Bxa7 Ra8 31. Nc5 Nxc5 32. Bxc5 Rxa2 33. Re1 Rxh2 34. Re8+ Kg7 35. Rc8 Rh3+ 36. Ke2 Re3+ 37. Kd1 Re6 38. b5 cxb5 39. Rd8 g5 40. Rxd5 g4 41. Bd6 Re3 42. Kc2 g3 43. Rxb5 g2 44. Rb1 Re2+ 45. Kd3 Re3+ 46. Kc4 Re6 47. Bh2 Be3 48. Bg1 f5 49. d5 Rb6 50. Rxb6 Bxg1 51. Rb7+ Kf6 52. Rb1 Bf2 53. d6 g1=Q 54. Rxg1 Bxg1 55. Kd5 f4 56. Ke4 Be3 57. c4 Ke6 58. c5 Bc1 59. Kf3 Kd7 60. Ke4 Kc6 61. Kf3 Be3 62. Ke4 Kd7 1/2-1/2

[Event "48.C.to  di Cat.Mag. Semif. ITA"]
[Site "Milano ITA"]
[Date "1988.02.19"]
[Round "7.3"]
[White "Sottani, Paolo"]
[Black "Ricci, Marco"]
[Result "1-0"]
[WhiteElo "1900"]
[BlackElo "2022"]
[Annotator "Gabriele Ballarin"]
[PlyCount "101"]
[EventDate "1988.02.13"]
[EventType "tourn"]
[EventRounds "9"]
[EventCountry "ITA"]

1. e4 e6 2. d4 d5 3. Nd2 Nf6 4. e5 Nfd7 5. Bd3 c5 6. c3 Nc6 7. Ne2 cxd4 8. cxd4 f6 9. Nf4 fxe5 10. Qh5+ Ke7 11. Qg5+ Kd6 12. dxe5+ Ndxe5 13. Qg3 Kc7 14. O-O Bd7 15. Bb5 Bd6 16. Qxg7 Kb6 17. Bxc6 bxc6 18. Nb3 Rg8 19. Be3+ Ka6 20. Nc5+ Bxc5 21. Qxe5 Rg5 22. Qc3 Bxe3 23. fxe3 Rb8 24. Nd3 Kb7 25. Rf7 Ka8 26. Raf1 Be8 27. Rf8 Rb7 28. Nc5 Re7 29. R1f6 Rg6 30. Rxg6 hxg6 31. Qf6 Qd6 32. b4 Kb8 33. Qxg6 Qd8 34. Qf6 a5 35. Qe5+ Ka7 36. a3 Qb6 37. Rf1 Qc7 38. Qc3 Qd6 39. Qd3 Kb8 40. Rb1 Ka8 41. bxa5 Ra7 42. Qb3 Rh7 43. h3 Bg6 44. Na4 Qc7 45. Rf1 Bf5 46. Qb4 Rxh3 47. Qf8+ Kb7 48. Rf4 Rh7 49. Rb4+ Ka7 50. Qc5+ Ka6 51. Rb6+ 1-0